000 01341cam a22004094a 4500
001 muse78488
003 MdBmJHUP
005 20210127151422.0
006 m o d
007 cr||||||||nn|n
008 700515s1970 mdu o 00 0 eng d
010 _z 77097492
020 _a9781421434995
020 _z0801810493
020 _z9781421434988
035 _a(OCoLC)1125189894
040 _aMdBmJHUP
_cMdBmJHUP
050 0 4 _aPT1965
_b.B8 1970
082 0 _a832/.6/09
100 1 _aBurckhardt, Sigurd,
_d1916-1966.
245 1 4 _aThe Drama of Language
_bEssays on Goethe and Kleist
264 1 _bJohns Hopkins Press
264 3 _bProject MUSE,
300 _a1 online resource (viii, 175 p.)
506 0 _aOpen Access
_fUnrestricted online access
_2star
588 _aDescription based on print version record.
600 1 1 _aKleist, Heinrich von,
_d1777-1811.
600 1 1 _aGoethe, Johann Wolfgang von,
_d1749-1832.
655 7 _aElectronic books.
_2local
710 2 _aProject Muse.
_edistributor
830 0 _aBook collections on Project MUSE.
856 4 0 _zFull text available:
_uhttps://muse.jhu.edu/book/70847/
999 _c25717
_d25717